[Event "Mataro op 12th"]
[Site "Mataro"]
[Date "2015.11.07"]
[Round "6.15"]
[White "Campeny Flores, Francesc Xavier"]
[Black "Mancha Cerezuela, Sergio"]
[Result "0-1"]
[WhiteElo "1668"]
[BlackElo "1696"]
[PlyCount "102"]
[EventDate "2015.10.03"]
[EventType "swiss"]
[EventRounds "9"]
[EventCountry "ESP"]
[SourceTitle "EXT 2024"]
[Source "ChessBase"]
[SourceDate "2023.10.10"]
[SourceVersion "1"]
[SourceVersionDate "2023.10.10"]
[SourceQuality "1"]

1. c4 e5 2. e4 Nf6 3. d3 Bc5 4. g3 Nc6 5. Ne2 0-0 6. a3 d6 7. Nbc3 Nd4 8. Nxd4 exd4 9. Na4 b6 10. b4 b5 11. Nxc5 dxc5 12. cxb5 cxb4 13. a4 Bg4 14. f3 Bh5 15. Bd2 Qd6 16. Rb1 a5 17. bxa6 c5 18. Bh3 Rxa6 19. Ra1 Qe5 20. Bf4 Qe7 21. Kf2 Rc6 22. a5 Ra8 23. Qa4 Qb7 24. Rhc1 h6 25. g4 Bg6 26. Qb3 Qd7 27. Kg2 Qe7 28. e5 Nd7 29. Qd5 Rca6 30. Kg3 Nf8 31. Bf1 Rxa5 32. Rxa5 Rxa5 33. h4 Ra3 34. Rd1 Ne6 35. Bc1 Rc3 36. h5 Bh7 37. Bb2 Rc2 38. Qb3 Rxb2 39. Qxb2 Qg5 40. Qa2 Qxe5+ 41. Kf2 Qh2+ 42. Bg2 Qh4+ 43. Kf1 Qe7 44. Qe2 Qf6 45. f4 Qxf4+ 46. Bf3 Kf8 47. Ra1 g6 48. hxg6 Bxg6 49. Kg2 Qg5 50. Ra8+ Kg7 51. Ra7 Nf4+ 0-1

[Event "Mataro op 12th"]
[Site "Mataro"]
[Date "2015.10.10"]
[Round "2.14"]
[White "Garcia Pitarch, Raul"]
[Black "Campeny Flores, Francesc Xavier"]
[Result "1-0"]
[WhiteElo "1750"]
[BlackElo "1668"]
[PlyCount "39"]
[EventDate "2015.10.03"]
[EventType "swiss"]
[EventRounds "9"]
[EventCountry "ESP"]
[SourceTitle "EXT 2024"]
[Source "ChessBase"]
[SourceDate "2023.10.10"]
[SourceVersion "1"]
[SourceVersionDate "2023.10.10"]
[SourceQuality "1"]

1. b3 e5 2. Bb2 Nc6 3. e3 a6 4. c4 Bc5 5. Nc3 Nf6 6. Nf3 d6 7. Be2 h6 8. 0-0 Be6 9. d4 exd4 10. exd4 Bb6 11. d5 Nb4 12. dxe6 fxe6 13. Nd4 Qd7 14. Bh5+ Nxh5 15. Nxe6 g6 16. Re1 Kf7 17. Qf3+ Nf6 18. Nd5 Nbxd5 19. cxd5 Rh7 20. Qxf6+ 1-0

[Event "Mataro op 12th"]
[Site "Mataro"]
[Date "2015.10.03"]
[Round "1.14"]
[White "Campeny Flores, Francesc Xavier"]
[Black "Puig Vila, Esteve"]
[Result "0-1"]
[WhiteElo "1668"]
[BlackElo "1819"]
[PlyCount "56"]
[EventDate "2015.10.03"]
[EventType "swiss"]
[EventRounds "9"]
[EventCountry "ESP"]
[SourceTitle "EXT 2024"]
[Source "ChessBase"]
[SourceDate "2023.10.10"]
[SourceVersion "1"]
[SourceVersionDate "2023.10.10"]
[SourceQuality "1"]

1. e4 e5 2. Nf3 Nc6 3. Bb5 d6 4. c3 Bd7 5. a4 Nf6 6. d3 Be7 7. h3 a6 8. Bc4 h6 9. Be3 0-0 10. d4 Nxe4 11. Qd3 Nf6 12. Nh4 e4 13. Qc2 d5 14. Bb3 Be6 15. Nd2 Na5 16. Ba2 Rc8 17. b4 Nc6 18. Qb2 Nh5 19. Ng6 fxg6 20. f3 Bh4+ 21. Bf2 Bxf2+ 22. Kxf2 Nf4 23. Bb1 Qf6 24. Nxe4 dxe4 25. Bxe4 Bf5 26. Qd2 Rcd8 27. a5 g5 28. g4 Ne5 0-1